Угадай город России по фото - Statistics

General Stats
  • This quiz has been taken 27 times
  • The average score is 9 of 28
Answer Stats
Picture Answer % Correct
Москва
92%
Челябинск
60%
Нижний Новгород
56%
Омск
52%
Курск
48%
Екатеринбург
48%
Воронеж
44%
Волгоград
44%
Ростов-на-Дону
40%
Новосибирск
40%
Саратов
36%
Пермь
36%
Анапа
36%
Калининград
32%
Пенза
28%
Псков
24%
Якутск
20%
Ставрополь
20%
Орск
20%
Барнаул
16%
Курган
16%
Пятигорск
8%
Таганрог
8%
Дзержинск
8%
Великий Устюг
8%
Новокузнецк
8%
Энгельс
8%
Краснотурьинск
4%
No matching quizzes found
Score Distribution
Percent of People with Each Score
Percentile by Number Answered
Your Score History
You have not taken this quiz